Score 0/20 Timer 04:00
2 Plays Today
Question Answer Wrong Answers
The Simpsons (Lisa Simpson) Bart Simpson
96.1%
Milhouse Van Houten
0.2%
Nelson Muntz
0.1%
Ralph Wiggum
0.2%
Friends (Monica Geller) Ross
90.7%
Rachel
0.8%
Chandler
4.4%
Phoebe
0.8%
The Fresh Prince of Bel-Air (Carlton Banks) Ashley
86.5%
Geoffrey
1.2%
Philip
1.4%
Jazz
7.4%
Prison Break (Lincoln Burrows) Michael
81.7%
T-Bag
4.5%
Sara
3.7%
Brad
5.4%
Gravity Falls (Dipper Pines) Mabel
72.2%
Wendy
17.9%
Gideon
1.6%
Pacifica
3.8%
Parks and Recreation (Mona Lisa Saperstein) Jean Ralphio
67.2%
April
7.5%
Shauna
12.3%
Chris
8%
Game of Thrones (Arya Stark) Sansa
66.5%
Margaery
5.5%
Hot Pie
7.1%
Gendry
16.7%
Mr. Robot (Elliot Alderson) Darlene
66.2%
Tyrell
7.5%
Angela
11.3%
Dom
10%
Arrested Development (Michael Bluth) Buster
62.5%
George Michael
22.3%
Tony Wonder
5.5%
George
5.4%
Stranger Things (Nancy Wheeler) Mike
62%
Dustin
11%
Lucas
1.6%
Will
20.9%
Schitt's Creek (Alexis Rose) David
61%
Stevie
8.8%
Twyla
8.1%
Ted
17.1%
Avatar: The Last Airbender (Katara) Sokka
60.6%
Aang
22.1%
Haru
4.2%
Yue
8.3%
Sherlock (Sherlock Holmes) Mycroft
56.8%
Moriarty
13.1%
John
9.3%
Molly
16.5%
Rick and Morty (Morty) Summer
56.1%
Jessica
14.2%
Tammy
19.6%
Beth
5.5%
The Sopranos (Meadow Soprano) Anthony Jr.
54.5%
Janice
8.5%
Rosalie
12%
Chrissy
19.9%
Better Call Saul (Chuck McGill) Jimmy
53.5%
Howard
15.8%
Mike
19.3%
Kim
6.1%
Arrow (Oliver Queen) Thea
53.5%
Laurel
10.1%
Tommy
11.5%
Roy
19.9%
Breaking Bad (Skyler White) Marie
52.6%
Hank
19.2%
Walter
15.8%
Lydia
7.9%
The 100 (Bellamy Blake) Octavia
50.1%
Clarke
10.6%
Murphy
12.3%
Jasper
21.7%
The Walking Dead (Daryl Dixon) Merle
46.5%
Rick
17.9%
Abraham
13.7%
Axel
17%
Remove Ads.
Support Sporcle.
Get the best of Sporcle when you Go Orange. This ad-free experience offers more features, more stats, and more fun while also helping to support Sporcle. Thank you for becoming a member.

You're not logged in!

Compare scores with friends on all Sporcle quizzes.
OR
Log In

Show Comments

Extras

Top Quizzes Today


Score Distribution

Your Account Isn't Verified!

In order to create a playlist on Sporcle, you need to verify the email address you used during registration. Go to your Sporcle Settings to finish the process.

Report this User

Report this user for behavior that violates our Community Guidelines.

Details: